Ile trofeów wygrał Real Madryt. - Statystyki

Ogólne statystyki
  • Ten quiz został rozwiązany 42 razy
  • Średni wynik to 8 z 9
Statystyki odpowiedzi
trofeum odpowiedź % Poprawnych
UCL 15
100%
UEL 2
100%
UECL 0
93%
LaLiga 36
93%
FIFA Club World Cup 5
90%
UEFA Super Cup 6
90%
Puchar króla 20
88%
Puchar Interkontyneltalny 4
88%
Superpuchar Hiszpanii 13
83%
Nie znaleziono quizów pasujących do podanych kryteriów
Rozkład punktacji
Procent ludzi z każdym wynikiem
Percentyl według liczby udzielonych odpowiedzi
Twoja historia wyników
Nie rozwiązałeś tego quizu